000
00201 a2200097 4500
001
13732
100
_a
Truman
245
_a
Year of Decisions
260
_a
New York
_b
Doubleday
_c
090
_c
10727
_d
10727
942
_a
NUST-CAE
_c
M
_c
811
999
_c
248805
_d
248805